| 000 | 00844nas a2200277 4500 | ||
|---|---|---|---|
| 001 | BR9204724 | ||
| 003 | BR-BrBNA | ||
| 005 | 20231205092753.0 | ||
| 007 | ta | ||
| 008 | 230509b bl.|||p| |||| 00| 00por d | ||
| 040 |
_aBR-BrBNA _bpor _cBiblioteca Nacional de Agricultura |
||
| 041 | _a(Pt) | ||
| 072 | _aL70 | ||
| 100 | 1 | _aVogel, L. | |
| 100 | 1 | _aMarinho Junior, A. | |
| 100 | 1 | _aLoss, A.A. | |
| 100 | 1 | _aDonatti, F.C. | |
| 100 | 1 | _aFortes, J.C. | |
| 245 | 1 | _aAtividade secretora gastrica avaliada em camundongos pelo azul de metileno | |
| 650 | _aCAMUNDONGO | ||
| 650 | _aANALISE DE LABORATORIO | ||
| 650 | _aVETERINARIA | ||
| 773 | 0 |
_tArquivos da Universidade Federal Rural do Rio de Janeiro (Brazil) _xISSN 0100-2481 _g(1974), v. 4(1) p. 41-44 _wBR9204724 |
|
| 909 |
_a202311 _bLúcia _c55 _dLúcia Elande |
||
| 942 |
_2AGRIS _n0 _cANA |
||
| 999 |
_c134050 _d134050 |
||